000 00283nam a22001217a 4500
008 170208b xxu||||| |||| 00| 0 eng d
041 _aeng
080 _a61
100 _a3
101 _aSHM
245 _aTHE PRINCIPLES AND PRACTICE OF BLOOD GROUPING
_cERSKINE, A.G
942 _2udc
_cBK
999 _c4856
_d4856